000 00921nam a2200181Ia 4500
008 151202s9999||||xx |||||||||||||| ||und||
082 _bPNVM-73713
100 _aऔरंगाबादकर अनुराधा.
245 _aमला दिसलेला आदिवासींचा आदित्य-प्रा.डॉ.गणेश देवी.
260 _b"प्रतिक प्रकाशन, पुणे."
260 _c73713
300 _a168
600 _aऔरंगाबादकर अनुराधा.
630 _aमला दिसलेला आदिवासींचा आदित्य-प्रा.डॉ.गणेश देवी.
700 _aऔरंगाबादकर अनुराधा.
730 _aमला दिसलेला आदिवासींचा आदित्य-प्रा.डॉ.गणेश देवी.
942 _cBOOK
999 _c1340376
_d1340373